Health Education & Community Pharmacy (Record no. 11720)
[ view plain ]
| 000 -LEADER | |
|---|---|
| fixed length control field | 00425nam a22001697a 4500 |
| 003 - CONTROL NUMBER IDENTIFIER | |
| control field | OSt |
| 008 - FIXED-LENGTH DATA ELEMENTS--GENERAL INFORMATION | |
| fixed length control field | 230118b ||||| |||| 00| 0 eng d |
| 020 ## - INTERNATIONAL STANDARD BOOK NUMBER | |
| International Standard Book Number | 9788123904078 |
| 082 ## - DEWEY DECIMAL CLASSIFICATION NUMBER | |
| Classification number | 615.1 PAH |
| 100 ## - MAIN ENTRY--PERSONAL NAME | |
| Personal name | PARMAR,N.S |
| 245 ## - TITLE STATEMENT | |
| Title | Health Education & Community Pharmacy |
| 250 ## - EDITION STATEMENT | |
| Edition statement | Ed |
| 260 C# - PUBLICATION, DISTRIBUTION, ETC. (IMPRINT) | |
| Place of publication, distribution, etc | New Delhi |
| Name of publisher, distributor, etc | CBS Pub. |
| Date of publication, distribution, etc | 2023 |
| 300 ## - PHYSICAL DESCRIPTION | |
| Extent | x,308 |
| 650 ## - SUBJECT ADDED ENTRY--TOPICAL TERM | |
| Topical term or geographic name as entry element | Health Education & Community Pharmacy |
| 942 ## - ADDED ENTRY ELEMENTS (KOHA) | |
| Koha item type | Text Books |
| Source of classification or shelving scheme | Dewey Decimal Classification |
| 942 ## - ADDED ENTRY ELEMENTS (KOHA) | |
| -- | 1 |
| Withdrawn status | Lost status | Source of classification or shelving scheme | Damaged status | Not for loan | Collection code | Home library | Current library | Date acquired | Source of acquisition | Currency | Cost, normal purchase price | Bill Number | Total Checkouts | Full call number | Acc. no. / Barcode | Date last seen | Actual Cost, discounted price | Bill Date | Koha item type | Date last borrowed |
|---|---|---|---|---|---|---|---|---|---|---|---|---|---|---|---|---|---|---|---|---|
| Dewey Decimal Classification | B.Pharma | PIET C-LIBRARY | PIET C-LIBRARY | 13/01/2023 | International Book Centre | Rupees | 425.00 | IB/IN/993 | 615.1 PAH | BP1966 | 18/01/2023 | 289.00 | 13/01/2023 | Text Books | ||||||
| Dewey Decimal Classification | B.Pharma | PIET C-LIBRARY | PIET C-LIBRARY | 13/01/2023 | International Book Centre | IN Rupees | 425.00 | IB/IN/993 | 1 | 615.1 PAH | BP1967 | 22/03/2023 | 289.00 | 13/01/2023 | Text Books | 27/02/2023 | ||||
| Dewey Decimal Classification | B.Pharma | PIET C-LIBRARY | PIET C-LIBRARY | 13/01/2023 | International Book Centre | IN Rupees | 425.00 | IB/IN/993 | 615.1 PAH | BP1968 | 18/01/2023 | 289.00 | 13/01/2023 | Text Books | ||||||
| Dewey Decimal Classification | B.Pharma | PIET C-LIBRARY | PIET C-LIBRARY | 13/01/2023 | International Book Centre | IN Rupees | 425.00 | IB/IN/993 | 1 | 615.1 PAH | BP1969 | 22/09/2023 | 289.00 | 13/01/2023 | Text Books | 25/08/2023 | ||||
| Dewey Decimal Classification | B.Pharma | PIET C-LIBRARY | PIET C-LIBRARY | 13/01/2023 | International Book Centre | IN Rupees | 425.00 | IB/IN/993 | 615.1 PAH | BP1970 | 18/01/2023 | 289.00 | 13/01/2023 | Text Books |